[Event "26th Abu Dhabi Master 2019"]
[Site "Abu Dhabi"]
[Date "2019.08.05"]
[Round "5.10"]
[White "Bartel, Mateusz"]
[Black "Aryan Chopra"]
[Result "1/2-1/2"]
[WhiteElo "2600"]
[BlackElo "2553"]
[Annotator "TA"]
[PlyCount "65"]
[EventDate "2019.08.02"]
[EventType "swiss"]
[EventCountry "UAE"]
[SourceTitle "playchess.com"]
[Source "ChessBase"]
[SourceQuality "1"]

{[%evp 9,65,27,22,6,35,25,79,0,68,-26,-12,-13,-3,-6,8,5,1,-4,0,0,0,0,0,0,10,2,4,0,0,1,0,0,0,0,0,0,0,0,0,0,0,0,0,0,0,0,4,0,0,0,6,7,9,0,0,0,4,0]} 1. d4 Nf6 2. Nf3 g6 3. e3 Bg7 4. Be2 c5 5. O-O O-O 6. dxc5 {A48: 1 d4 Nf6 2 Nf3 g6: Torre, London and Colle Systems} Qc7 7. a3 (7. c4 Qxc5 8. Nc3 Nc6 9. e4 d6 10. Be3 Qa5 11. Nd4 Nxd4 12. Bxd4 Be6 13. Rc1 Rfc8 14. b3 Nd7 15. Bxg7 Kxg7 16. Qd2 a6 {0-1 (38) Dominguez Perez,L (2739)-Vachier Lagrave,M (2779) chess.com INT 2018}) 7... a5 (7... Qxc5 $11 8. b4 Qc7) 8. Nbd2 ({White should play} 8. Nc3 $16) 8... Na6 $146 (8... a4 $11) ({Predecessor:} 8... Qxc5 9. c4 Qc7 10. Nd4 d6 11. b3 Bd7 12. Bb2 Na6 13. Rc1 Nc5 {½-½ (38) Duer,W (2285)-Opl,K (2279) Austria 2002}) 9. Nb3 (9. b4 $1 $14) 9... Nxc5 10. Nxc5 {The position is equal.} Qxc5 11. b4 Qb6 12. Bb2 axb4 13. Bd4 Qd6 14. axb4 Rxa1 15. Qxa1 Qxb4 16. c4 Qd6 17. c5 Qc7 18. Rc1 d5 19. cxd6 Qxd6 20. Bc5 Qd8 21. Qa3 Re8 $1 22. Bxe7 Rxe7 {[#]} 23. Rxc8 $1 {[%mdl 512]} Qxc8 24. Qxe7 Nd5 25. Qd6 Nc3 26. Bd3 b5 27. h4 Bf8 28. Qb6 b4 29. Ne5 Qe6 30. Qxe6 fxe6 31. Bc4 Kg7 32. Kf1 Bd6 33. Nf3 {Accuracy: White = 54%, Black = 58%.} 1/2-1/2

[Event "26th Abu Dhabi Master 2019"]
[Site "Abu Dhabi"]
[Date "2019.08.05"]
[Round "5.11"]
[White "Santos Ruiz, Miguel"]
[Black "Karthikeyan, Murali"]
[Result "0-1"]
[WhiteElo "2567"]
[BlackElo "2613"]
[Annotator "TA"]
[PlyCount "60"]
[EventDate "2019.08.02"]
[EventType "swiss"]
[EventCountry "UAE"]
[SourceTitle "playchess.com"]
[Source "ChessBase"]
[SourceQuality "1"]

{[%evp 16,60,39,39,41,43,58,56,62,38,37,-22,-19,-18,-18,-29,0,0,0,0,0,-14,0,-46,12,-91,-103,-278,-293,-283,-218,-299,-286,-1180,-1168,-1158,-1158,-1104,-1062,-1843,-1361,-1945,-1850,-29981,-11884,-29974,-5910]} 1. e4 c5 2. Nf3 Nc6 3. d4 cxd4 4. Nxd4 Nf6 5. Nc3 d6 6. Bg5 e6 7. Qd2 a6 8. O-O-O Be7 9. Bxf6 gxf6 {B66: Sicilian: Richter-Rauzer: 7...a6 8 0-0-0 h6} 10. f4 Bd7 (10... Qc7 11. Nf3 Bd7 12. Kb1 O-O-O 13. Bd3 Kb8 14. Rhe1 h5 15. g3 Rc8 16. Bf1 Na5 17. Re3 Qb6 18. Qe1 Rc7 19. Nd4 Rhc8 20. Nb3 Nc4 21. Bxc4 Rxc4 {½-½ (62) Anand,V (2773)-Firouzja,A (2607) St Petersburg 2018}) 11. Nxc6 Bxc6 {White is slightly better.} 12. Bc4 $146 ({Predecessor:} 12. Kb1 Qa5 13. f5 Qe5 14. Bc4 b5 15. Bd5 Bxd5 16. exd5 Qxf5 17. dxe6 fxe6 {1-0 (40) Poljak,D (2368)-Ivanov,V (2277) ICCF email 2009}) 12... b5 {[%cal Bb7b5,Bb5b4][%mdl 32]} 13. Bb3 (13. Bd3 $1 $14) 13... a5 $11 {Hoping for ...a4.} 14. a4 b4 15. Ne2 {[%cal Bc3e2,Be2g3,Bg3e4][%mdl 32]} Bxe4 {White must now prevent ...0-0.} 16. Ng3 Bc6 17. f5 e5 $1 $36 {[%mdl 2048] White is under pressure.} 18. Rhe1 Qd7 19. Ne4 {[%cal Re4d6]} Bxa4 (19... Rd8 $15) 20. Qd5 (20. Qh6 $11 Bxb3 21. Nxf6+ Bxf6 22. Qxf6 {[%mdl 64] Double Attack}) 20... O-O $17 21. g4 $2 (21. Bxa4 $17 {was worth a try.} Qxa4 22. Kb1) 21... Bxb3 22. Qxb3 {[#]} a4 $1 {[%cal Ra4b3]} 23. Qg3 a3 24. Rd3 $2 (24. b3) 24... a2 $19 25. Kd2 a1=Q 26. Rxa1 Rxa1 27. Qh4 Qa7 28. g5 Qg1 29. gxf6 Rd1+ 30. Ke2 Qf1+ {[%mdl 64] Double Attack. Accuracy: White = 27%, Black = 63%.} 0-1

[Event "26th Abu Dhabi Master 2019"]
[Site "Abu Dhabi"]
[Date "2019.08.05"]
[Round "5.12"]
[White "Aravindh, Chithambaram VR."]
[Black "Sanal, Vahap"]
[Result "1/2-1/2"]
[WhiteElo "2600"]
[BlackElo "2520"]
[Annotator "TA"]
[PlyCount "180"]
[EventDate "2019.08.02"]
[EventType "swiss"]
[EventCountry "UAE"]
[SourceTitle "playchess.com"]
[Source "ChessBase"]
[SourceQuality "1"]

{[%evp 17,180,21,60,16,19,-1,8,-3,-8,-3,0,-15,-16,-24,-24,-19,-19,-22,0,0,0,0,0,0,18,-4,-4,-4,0,0,19,28,17,17,20,0,0,0,0,0,0,0,0,0,0,-186,0,0,0,0,0,0,0,0,0,0,4,4,5,0,18,0,0,0,20,15,58,58,178,178,195,182,190,207,197,200,179,128,306,304,304,284,234,268,256,192,192,192,192,166,153,54,54,54,54,54,64,50,50,45,45,45,45,46,53,54,54,54,57,57,64,64,195,64,64,64,64,64,64,64,64,52,52,52,52,13,13,13,13,5,5,5,5,5,5,5,5,5,5,5,5,5,12,8,12,0,0,0,0,0,0,0,0,0,0,0,0,0,0,0,0,0,0,0,0]} 1. d4 Nf6 2. c4 e6 3. Nc3 Bb4 4. f3 d5 5. a3 Bxc3+ 6. bxc3 c5 7. cxd5 Nxd5 8. dxc5 Qa5 9. e4 Nc7 10. Be3 {E25: Nimzo-Indian: Sämisch: 5...c5 6 f3 d5 7 cxd5} (10. Qd4 $5 {[%cal Rd4g7]} f6 11. Qb4 $14) 10... O-O 11. Kf2 Nca6 (11... Nba6 12. Qd6 Qxc3 13. Rc1 Qxa3 14. Nh3 e5 15. Qxe5 Bxh3 16. gxh3 Rae8 17. Qc3 Qxc3 18. Rxc3 {1-0 (36) Mamedyarov,S (2817)-Vidit,S (2702) Kolkata 2018}) 12. Qb3 Qc7 $146 ({Predecessor:} 12... Nd7 13. Bxa6 Qxa6 14. Rd1 Ne5 15. f4 Ng4+ 16. Kf3 e5 17. Ne2 Nxh2+ 18. Rxh2 {0-1 (26) Baklanova,T (2250)-Zdebskaja,N (2344) Alushta 2005}) 13. Bxa6 Nxa6 14. Ne2 Nxc5 15. Qc4 b6 16. Bxc5 $1 bxc5 17. Rab1 a5 18. Rb5 Ba6 19. Qxc5 Qd7 20. Rxa5 Rfc8 21. Qe3 Qc7 22. Ra4 {[%cal Ba5a4,Ba4d4,Bd4d2][%mdl 32]} Qc6 23. Rd4 e5 24. Rd2 Bxe2 25. Kxe2 Rxa3 26. Rhd1 h6 27. Rd8+ Rxd8 28. Rxd8+ $11 {[%mdl 4096] Endgame KQR-KQR} Kh7 29. Rd3 Ra2+ 30. Rd2 $1 Ra1 31. Rc2 $2 {[#]} (31. Rd1 $11 {and White is okay.} Ra3 32. Rd3) 31... Qb5+ $2 (31... f5 $1 $19 {[%mdl 512]} 32. Qd3 (32. exf5 Qc4+) 32... f4) 32. Kf2 $1 Qb1 33. Re2 Qb3 ({Don't blunder} 33... f5 $2 34. exf5 Qxf5 35. Qxe5 $18) 34. h3 Ra3 35. c4 Qb4 36. Qc1 Qc5+ 37. Kg3 Rd3 $1 38. Rc2 f5 39. Qe1 Qd4 40. Kh2 $36 {[%mdl 2048] White is pushing.} Re3 (40... Rd1 $5 41. Qf2 $8 fxe4 42. Qxd4 exd4 43. fxe4 Re1 $11) 41. Qf2 f4 42. Rc1 Qc5 (42... Rd3 $14 43. Qxd4 exd4) 43. Qd2 $1 $18 Ra3 44. Qd7 Ra6 45. Qf5+ $1 Rg6 46. Rc2 Qa5 47. Re2 {And now h4 would win.} Qc5 $2 (47... Qc7 $16 {keeps fighting.}) 48. h4 $1 {[%cal Rh4h5] Threatening mate with h5.} h5 49. Qxh5+ Rh6 {[#]} 50. Qf5+ $1 Kh8 51. Qg5 {Hoping for Rd2.} Qxc4 52. Rb2 {aiming for Rb8+.} Qf7 53. Rb8+ Kh7 54. Qd8 (54. Kh3 $16) 54... Qf6 $1 $14 55. Qxf6 $1 gxf6 {KR-KR} 56. Rb7+ Kg8 57. Kh3 {Threatens to win with Kg4.} Rg6 58. g4 fxg3 59. Rb2 Kf7 60. Rg2 Rh6 61. Rxg3 Rh8 62. Rg1 Rh7 63. Ra1 Rh8 64. Kg4 Kg6 {[#]} (64... Ke7 $14 65. Ra7+ Ke6) 65. Ra6 (65. Ra7 $1 $18) 65... Rg8 66. Rb6 Rg7 $1 67. Rc6 Rg8 $1 68. Rd6 Rg7 $1 69. Rb6 Rg8 $1 70. Ra6 Rg7 $1 71. Ra1 {Black should prevent Ra6.} f5+ {The position is equal.} 72. Kh3 {Rg1+ is the strong threat.} Rf7 73. Rg1+ Kh6 74. exf5 Rxf5 75. Kg4 Rf4+ 76. Kg3 Kg6 77. Ra1 Rb4 78. Ra8 Rb1 79. Rg8+ Kf6 {( -> ...Rg1+)} 80. Re8 Rg1+ 81. Kh3 Rh1+ 82. Kg4 Rg1+ 83. Kh5 Rg3 84. Rf8+ Kg7 85. Rf5 {White threatens Rg5+ and mate.} Kh7 86. Rf7+ Kg8 87. Rf6 Kg7 88. Rf5 {White wants to mate with Rg5+.} Kh7 89. Rxe5 Rxf3 90. Re7+ Kg8 {Accuracy: White = 60%, Black = 72%.} 1/2-1/2

[Event "26th Abu Dhabi Master 2019"]
[Site "Abu Dhabi"]
[Date "2019.08.05"]
[Round "5.13"]
[White "Istratescu, Andrei"]
[Black "Zubov, Alexander"]
[Result "1/2-1/2"]
[WhiteElo "2555"]
[BlackElo "2601"]
[Annotator "TA"]
[PlyCount "134"]
[EventDate "2019.08.02"]
[EventType "swiss"]
[EventCountry "UAE"]
[SourceTitle "playchess.com"]
[Source "ChessBase"]
[SourceQuality "1"]

{[%evp 9,134,0,12,1,3,0,0,0,-10,-9,-12,0,7,0,0,0,22,-6,-7,-15,-3,-32,-17,-15,-23,-49,-49,-49,-35,-35,-23,-50,-11,-11,-11,-11,-11,-23,-11,-11,-4,-4,-4,-4,-4,-4,-4,-5,0,-10,0,0,0,0,0,0,6,0,0,-63,-63,-63,-63,-63,-63,-63,-63,-69,0,0,4,4,4,4,4,4,4,4,4,4,4,4,18,18,18,18,18,18,18,13,18,0,18,18,18,0,18,0,18,0,0,0,0,0,14,0,15,0,16,16,153,102,109,-8,0,0,0,0,21,21,21,21,21,14,14,0,21]} 1. d4 d5 2. Nf3 Nf6 3. c4 c6 4. Qc2 g6 5. Bf4 dxc4 (5... Bg7 6. e3 O-O 7. cxd5 Bf5 8. Qb3 Bxb1 9. Rxb1 Qa5+ 10. Nd2 Nxd5 11. Bg3 e5 12. dxe5 Nd7 13. Qa3 Qxa3 14. bxa3 b5 {0-1 (57) Romanov,E (2611)-Saric,I (2689) Biograd 2018}) 6. Qxc4 {D11: Slav Defence: 3 Nf3 sidelines and 3...Nf6 4 e3 Bg4} Be6 7. Qc2 Bf5 8. Qb3 Qb6 9. Nbd2 Nbd7 10. e3 Bg7 11. Bc4 O-O 12. h3 Ne4 $146 ({Predecessor:} 12... Qxb3 13. Bxb3 Bd3 14. Nc4 Nd5 15. Bh2 a5 16. a4 {½-½ (71) Chirivi Castiblanco,J (2164)-Castro,N (2026) Bagre 2018}) 13. Rd1 Nd6 14. Bxd6 exd6 15. O-O d5 16. Bd3 Be6 17. Nb1 Qxb3 18. axb3 Nb6 {[%cal Bd7b6,Bb6c8,Bc8d6][%mdl 32]} 19. Nc3 Rae8 20. Na4 Nc8 21. Nc5 Nd6 22. Nxe6 Rxe6 23. g3 h6 24. h4 f5 25. Kg2 Bf6 26. Ng1 Kf7 27. Ne2 Ree8 28. Rh1 Ne4 29. Bc2 Be7 30. Nf4 Bd6 31. Nd3 Nf6 32. Rde1 Ng4 33. Bd1 Nf6 34. f4 ({Better is} 34. Bc2 $11) 34... h5 $15 35. Bf3 Kg7 36. Kf2 Re7 37. Ra1 a6 38. Rhe1 Kf7 ({Black should try} 38... Ng4+ $15 39. Bxg4 hxg4) 39. Ne5+ $11 Bxe5 40. dxe5 Ne8 41. b4 Nc7 42. Bd1 Rd7 43. Bb3 Ke7 44. Red1 Ne6 45. Rd3 Kd8 46. Ke2 Kc7 47. Kd2 Kb6 48. Kc3 Ra8 49. Rd2 Rdd8 50. Rdd1 Nc7 51. Bc2 Ne6 52. Bb3 Rac8 53. Rd2 Kc7 54. Rad1 b5 55. Ra1 Kb6 56. Rd3 Ra8 57. Bc2 Rd7 58. Kd2 Rda7 59. Rda3 a5 {[#]} (59... Rc8 $11) 60. bxa5+ ({White should play} 60. Rxa5 $1 Rxa5 61. bxa5+ Rxa5 62. Rxa5 Kxa5 63. Kd3) 60... Rxa5 61. Kc3 (61. Rxa5 $16 Rxa5 62. Rxa5 Kxa5 63. Bd1) 61... Rxa3+ {The position is equal.} 62. Rxa3 {[%mdl 4096] Endgame KRB-KRN} Rd8 63. b4 Rc8 64. Bb3 Rd8 65. Ra1 Nc7 66. Bc2 Ne6 67. Bb3 Nc7 {Accuracy: White = 48%, Black = 44%.} 1/2-1/2

[Event "26th Abu Dhabi Master 2019"]
[Site "Abu Dhabi"]
[Date "2019.08.05"]
[Round "5.14"]
[White "Sengupta, Deep"]
[Black "Tabatabaei, M.amin"]
[Result "0-1"]
[WhiteElo "2558"]
[BlackElo "2601"]
[Annotator "TA"]
[PlyCount "116"]
[EventDate "2019.08.02"]
[EventType "swiss"]
[EventCountry "UAE"]
[SourceTitle "playchess.com"]
[Source "ChessBase"]
[SourceQuality "1"]

{[%evp 10,116,19,13,17,12,16,10,15,17,17,17,17,17,11,17,17,17,18,25,26,50,41,0,0,0,0,-24,-19,-14,28,29,33,25,44,29,53,29,35,28,143,133,227,220,251,239,238,153,229,231,279,264,444,449,407,422,408,281,256,227,202,171,165,0,200,197,229,50,89,112,83,-430,-403,-397,-377,-429,-452,-444,-452,-452,-441,-438,-435,-426,-426,-406,-373,-552,-571,-564,-510,-543,-446,-409,-390,-683,-645,-709,-702,-951,-810,-29989,-29990,-29990,-29988,-29988,-29986,-29990,-29991]} 1. e4 c5 2. Nf3 d6 3. Bb5+ Bd7 4. Bxd7+ Nxd7 5. c4 Ngf6 6. Nc3 Rc8 {B52: Sicilian: Moscow Variation with 3...Bd7} 7. O-O $146 (7. d4 cxd4 8. Qxd4 a6 9. b3 g6 10. O-O Bg7 11. Bb2 Qa5 12. Rfe1 O-O 13. Nd5 Rfe8 14. Bc3 {0-1 (33) Van Foreest,J (2584)-Yu,Y (2738) Moscow 2017}) 7... g6 8. b3 Ne5 {The position is equal.} 9. d4 Nxf3+ 10. Qxf3 cxd4 11. Nb5 $1 e5 12. Nxa7 Ra8 13. Nb5 Nd7 14. Bg5 f6 15. Bd2 Nc5 16. Qe2 Qd7 17. f4 Be7 18. Bb4 Qc6 19. Rae1 Kf7 20. Bxc5 Qxc5 21. Kh1 Bf8 22. a3 Rc8 23. Qd3 h5 24. Rc1 exf4 (24... Kg7 $11) 25. Rcd1 $16 (25. Qxd4 Qxd4 26. Nxd4 Re8 $14) 25... Bh6 (25... Re8 $16 {keeps fighting.} 26. Qf3 (26. Rxf4 Bh6 $16) (26. Qxd4 Qxd4 27. Rxd4 g5 $14) (26. Nxd4 Qe5 $16) 26... g5) 26. Qh3 (26. Nxd4 $6 Rhd8) (26. Qxd4 $6 Qxd4 27. Rxd4 Rhd8 $16) 26... Rcd8 27. Rxd4 (27. Nxd4 Rhe8 $16) 27... Rhe8 28. Rfd1 {[%cal Rd4d6]} Re6 (28... Bf8 $16 29. b4 Qc8) 29. b4 $18 Qe5 {[#]} 30. c5 $1 {[%cal Rb5d6][%mdl 512]} d5 $2 (30... Bf8 {is a better defense.} 31. Nc7 Re7) (30... dxc5 31. Rxd8) 31. Nd6+ Rexd6 32. cxd6 dxe4 {intending ...e3.} 33. Qb3+ Kf8 34. Qc4 f5 35. Qc7 Bg5 36. Rd5 $2 (36. Qxb7 $18 {Strongly threatening Qd5.} e3 37. Qd5 Qxd5 38. Rxd5) 36... Qe6 $2 (36... Qb2 $11 {and Black stays safe.}) 37. d7 Kf7 38. Rd6 $2 ({White has to play} 38. Qxb7 $18 h4 39. h3) 38... Qb3 39. Qxb7 {Hoping for Qd5+.} f3 {[#]} 40. Qd5+ $2 {[%mdl 8192]} (40. Rf1 $1 $16 {is forced if you want to stay better.}) 40... Qxd5 $19 41. R6xd5 {[%mdl 4096] Endgame KRR-KRB} (41. R1xd5 $2 {perishes.} f2 $19) 41... f2 {White must now prevent ...e3.} 42. g3 {Kg2 is the strong threat.} e3 {( -> ...e2)} 43. Kg2 ({Worse is} 43. Re5 Kf6 $19) 43... e2 44. Kxf2 exd1=Q ({Weaker is} 44... exd1=R 45. Rxd1 Ke6 46. a4 $19) 45. Rxd1 {KRB-KR} Ke6 46. Re1+ Kxd7 47. a4 Rc8 48. b5 (48. Rd1+ $142 Ke6 49. Re1+ Kd5 50. Rd1+ Kc4 51. b5) 48... Rc2+ 49. Kf3 Rc3+ 50. Kg2 Ra3 51. Rd1+ Ke6 52. Rd4 $2 (52. Re1+ Kd5 53. Rd1+ Kc5 54. Rd7) 52... Be3 53. Rc4 Kd5 54. Rc6 g5 {Threatens to win with ...Ra2+.} 55. Ra6 Ra2+ {Black mates.} 56. Kf1 Ke4 57. Ke1 Kd3 {[%cal Ra2a1]} 58. Kf1 g4 {Accuracy: White = 49%, Black = 68%.} 0-1

[Event "26th Abu Dhabi Master 2019"]
[Site "Abu Dhabi"]
[Date "2019.08.05"]
[Round "5.15"]
[White "Xu, Yi"]
[Black "Petrov, Nikita"]
[Result "1/2-1/2"]
[WhiteElo "2524"]
[BlackElo "2600"]
[Annotator "TA"]
[PlyCount "35"]
[EventDate "2019.08.02"]
[EventType "swiss"]
[EventCountry "UAE"]
[SourceTitle "playchess.com"]
[Source "ChessBase"]
[SourceQuality "1"]

{[%evp 16,30,16,20,22,16,20,0,0,0,0,0,0,0,0,0,0]} 1. e4 c5 2. Nf3 Nc6 3. Bb5 d6 4. O-O Bd7 5. Re1 Nf6 6. c3 a6 7. Bf1 Bg4 8. h3 Bxf3 9. Qxf3 {The position is equal.} e6 {B51: Sicilian: Moscow Variation (3 Bb5+) without 3...Bd7} 10. Qg3 (10. d3 Be7 11. Nd2 O-O 12. g3 d5 13. Qe2 b5 14. Bg2 Rb8 15. Nf3 Qb6 16. exd5 Nxd5 17. Ng5 Bxg5 18. Bxg5 {½-½ (31) Jones,G (2681)-Bu,X (2731) Astana 2019}) 10... Be7 11. Qxg7 Rg8 12. Qh6 Ne5 {[#] Hoping for ...Nf3+.} 13. Qe3 Nh5 $1 {Strongly threatening ...Bg5.} 14. d4 {Black must now prevent Qe2.} Bg5 $1 {[%cal Rg5e3]} 15. Qe2 Bxc1 {Predecessor:} 16. Qxh5 $146 Bxb2 17. dxe5 Bxa1 18. Qxh7 {½-½ (30) Haug,J (2357)-Levitsky,A (2155) Prague 2018} 1/2-1/2

[Event "26th Abu Dhabi Master 2019"]
[Site "Abu Dhabi"]
[Date "2019.08.05"]
[Round "5.16"]
[White "Sindarov, Javokhir"]
[Black "Vaibhav, Suri"]
[Result "1/2-1/2"]
[WhiteElo "2479"]
[BlackElo "2591"]
[Annotator "ChessBase"]
[PlyCount "35"]
[EventDate "2019.08.02"]
[EventType "swiss"]
[EventCountry "UAE"]
[SourceTitle "playchess.com"]
[Source "ChessBase"]
[SourceQuality "1"]
[TimeControl "5400+30"]

1. e4 c5 2. Nf3 d6 3. d4 cxd4 4. Nxd4 Nf6 5. f3 e5 6. Nb3 d5 7. Bg5 Be6 8. Bxf6 gxf6 9. exd5 Qxd5 10. Qxd5 Bxd5 11. Nc3 Be6 12. O-O-O Nc6 13. Bb5 Rc8 14. Nd5 f5 15. Nf6+ Ke7 16. Nd5+ Ke8 17. Nf6+ Ke7 18. Nd5+ 1/2-1/2

[Event "26th Abu Dhabi Master 2019"]
[Site "Abu Dhabi"]
[Date "2019.08.05"]
[Round "5.17"]
[White "Kryvoruchko, Yuriy"]
[Black "Vignesh N R"]
[Result "1/2-1/2"]
[WhiteElo "2691"]
[BlackElo "2466"]
[Annotator "TA"]
[PlyCount "44"]
[EventDate "2019.08.02"]
[EventType "swiss"]
[EventCountry "UAE"]
[SourceTitle "playchess.com"]
[Source "ChessBase"]
[SourceQuality "1"]

{[%evp 11,44,16,17,2,10,7,4,0,9,11,11,11,11,10,6,14,10,10,1,11,33,17,25,0,28,29,37,43,35,0,0,-22,0,0,1]} 1. e4 c5 2. Nf3 d6 3. d4 cxd4 4. Nxd4 Nf6 5. Nc3 a6 6. g3 e5 7. Nf3 {B91: Sicilian Najdorf: 6 g3} Be7 8. Bg2 O-O 9. Nh4 Bg4 $146 ({Predecessor:} 9... g6 10. a4 Nc6 11. O-O Bd7 12. Re1 Rc8 13. Nf3 Na5 14. h3 Re8 {0-1 (63) Oparin,G (2609)-Nepomniachtchi,I (2768) Satka 2018}) 10. Bf3 Bxf3 11. Qxf3 Nc6 12. Nf5 Nd4 13. Nxd4 exd4 14. Ne2 Qa5+ 15. Bd2 Qe5 16. Bf4 Qa5+ 17. Bd2 Qe5 18. O-O-O Nxe4 19. Bf4 Bg5 20. Rxd4 Rfe8 {The position is equal.} 21. Rhd1 Nxf2 22. Qxf2 {[#] Black must now prevent Nc3.} Qxe2 {[%mdl 64] Remove Defender. Accuracy: White = 52%, Black = 58%.} 1/2-1/2

[Event "26th Abu Dhabi Master 2019"]
[Site "Abu Dhabi"]
[Date "2019.08.05"]
[Round "5.18"]
[White "Onischuk, Vladimir"]
[Black "Akash Pc, Iyer"]
[Result "1-0"]
[WhiteElo "2637"]
[BlackElo "2441"]
[Annotator "TA"]
[PlyCount "41"]
[EventDate "2019.08.02"]
[EventType "swiss"]
[EventCountry "UAE"]
[SourceTitle "playchess.com"]
[Source "ChessBase"]
[SourceQuality "1"]

{[%evp 9,41,16,29,13,91,102,120,121,129,124,128,127,135,130,175,168,189,192,187,181,193,194,337,325,339,326,360,295,349,300,391,370,571,566]} 1. e4 c5 2. Ne2 Nc6 3. Nbc3 d6 4. g3 g6 5. d4 (5. Bg2 Bg7 6. O-O e6 7. d3 Nge7 8. Be3 Nd4 9. Qd2 O-O 10. Nd1 Nxe2+ 11. Qxe2 b6 12. Qd2 Bb7 13. Bh6 e5 14. Bxg7 Kxg7 15. Ne3 Qd7 16. f4 f6 17. Rf2 exf4 18. Rxf4 d5 19. Raf1 d4 {1-0 (36) Predke,A (2622)-Le,Q (2714) St Petersburg 2018}) 5... Bg4 {[#] White must now prevent ...cxd4.} 6. d5 $1 {[%cal Rd5c6] B23: Closed Sicilian: Lines without g3} Ne5 (6... Nd4 $11 {keeps the balance.} 7. Bg2 (7. Nxd4 Bxd1 8. Bb5+ Qd7 $11) 7... Bg7) 7. f4 $16 Nc4 $146 ({Predecessor:} 7... Bf3 8. Rg1 Nd7 9. Kf2 Bxe2 10. Qxe2 Bg7 11. Bh3 Ngf6 12. Kg2 {0-1 (59) Mastoras,I (2310)-Mastrovasilis,D (2415) Athens 2001}) 8. Qd3 {White is better.} Nb6 9. a4 {[%cal Ba2a4,Ba4a5][%mdl 32]} Bg7 10. a5 Nd7 11. Bg2 Ngf6 12. Ng1 c4 13. Qe3 Nc5 14. h3 Bc8 15. e5 Nh5 (15... Ng8 {was worth a try.} 16. Nf3 h5) 16. g4 $18 Nxf4 17. Qxf4 Bxe5 18. Qxc4 Bg3+ 19. Kd1 O-O 20. Nf3 Bd7 (20... Nd7 $142 21. Bh6 Re8) 21. Ne2 {Accuracy: White = 97%, Black = 40%.} 1-0

[Event "26th Abu Dhabi Master 2019"]
[Site "Abu Dhabi"]
[Date "2019.08.05"]
[Round "5.19"]
[White "Shyaamnikhil P"]
[Black "Ter-Sahakyan, Samvel"]
[Result "1/2-1/2"]
[WhiteElo "2456"]
[BlackElo "2625"]
[Annotator "TA"]
[PlyCount "51"]
[EventDate "2019.08.02"]
[EventType "swiss"]
[EventCountry "UAE"]
[SourceTitle "playchess.com"]
[Source "ChessBase"]
[SourceQuality "1"]

{[%evp 9,51,29,35,18,32,35,33,28,53,12,42,41,49,36,41,31,32,43,54,28,81,62,108,100,101,102,124,117,106,104,124,78,125,35,20,0,226,231,230,214,227,173,183,106]} 1. e4 e5 2. Nf3 Nc6 3. Bb5 g6 4. c3 a6 5. Bc4 Bg7 6. d4 {C60: Ruy Lopez: Unusual Black 3rd moves and 3...g6} exd4 7. cxd4 b5 (7... d6 8. O-O Nf6 9. Nc3 O-O 10. d5 Ne5 11. Nxe5 dxe5 12. Be3 Ne8 {1-0 (58) Grischuk,A (2766)-Mamedyarov,S (2808) Leuven 2018}) 8. Be2 {White is slightly better.} d5 $146 ({Predecessor:} 8... d6 9. d5 Nce7 10. a4 b4 11. Nbd2 Nf6 12. Qc2 Bb7 13. O-O {½-½ (78) Kobalia,M (2627)-Demuth,A (2510) Skopje 2019}) 9. e5 Nge7 10. Nbd2 O-O 11. Nb3 f6 12. exf6 Bxf6 13. O-O Nf5 14. Bf4 g5 {[#]} (14... Bg7 $11) 15. Rc1 $1 $16 gxf4 16. Rxc6 Bd7 17. Rc2 Bg7 18. Nc5 Bc8 19. Re1 Rb8 20. Bd3 Rb6 {[#]} 21. Rce2 (21. Bxf5 $1 $16 Bxf5 22. Rce2) 21... Nh4 $1 $14 {[%cal Rh4f3] Threatens to win with ...Nxf3+.} 22. Re7 $36 {[%mdl 2048] White has some pressure.} Nxf3+ $2 (22... Bg4 $1 $11 {and Black is okay.}) 23. Qxf3 $18 {White is clearly better.} ({Weaker is} 23. gxf3 Rh6 $11) 23... h6 24. Bc2 Rbf6 25. h3 ({Don't play} 25. Qd3 $6 Bf5 $16) 25... R6f7 26. Rxf7 {Accuracy: White = 59%, Black = 65%.} ({Better is} 26. R7e2 $18) 1/2-1/2